Online
Catalog

De todo y para todos sin tergiversar la verdad / (Record no. 45256)

MARC details
000 -CABECERA
campo de control de longitud fija 00709nam a2200181 a 4500
001 - NÚMERO DE CONTROL
campo de control 000045767
005 - FECHA Y HORA DE LA ÚLTIMA TRANSACCIÓN
campo de control 20201002052431.0
008 - DATOS DE LONGITUD FIJA--INFORMACIÓN GENERAL
campo de control de longitud fija 150511s2015 dr abc 000 0 spa d
040 ## - FUENTE DE LA CATALOGACIÓN
Centro catalogador/agencia de origen DO-SdBNP
Lengua de catalogación spa
Centro/agencia transcriptor BNPHU
082 ## - NÚMERO DE LA CLASIFICACIÓN DECIMAL DEWEY
Número de clasificación xxxxx
Número de documento/Ítem xxxxx
100 1# - ENTRADA PRINCIPAL--NOMBRE DE PERSONA
Nombre de persona García Guzmán, Juan,
Fechas asociadas al nombre 1933-
9 (RLIN) 73840
245 10 - MENCIÓN DE TÍTULO
Título De todo y para todos sin tergiversar la verdad /
Mención de responsabilidad, etc. Juan García Guzmán ; revisado por Eurípidez Antonio García Vásquez (geógrafo).
260 ## - PUBLICACIÓN, DISTRIBUCIÓN, ETC.
Lugar de publicación, distribución, etc. Santo Domingo :
Nombre del editor, distribuidor, etc. ComputheN Todo Impreso,
Fecha de publicación, distribución, etc. 2015.
300 ## - DESCRIPCIÓN FÍSICA
Extensión v. :
Otras características físicas il., mapas, retrs. ;
Dimensiones 27 cm.
500 ## - NOTA GENERAL
Nota general La biblioteca posee el v. I.
500 ## - NOTA GENERAL
Nota general Incluye datos biográficos del autor
700 12 - PUNTO DE ACCESO ADICIONAL--NOMBRE DE PERSONA
Nombre de persona García Vásquez, Eurípidez Antonio,
Término indicativo de función/relación rev.
9 (RLIN) 73841
Holdings
Estado de retiro Estado de pérdida No para préstamo Código de colección Localización permanente Ubicación/localización actual Ubicación en estantería Fecha de adquisición Número de inventario Total de préstamos Signatura topográfica completa Código de barras Fecha visto por última vez Precio válido a partir de Tipo de ítem Koha Número de copia
    Excluido de préstamo Patrimonio Dominicano Patrimonio Dominicano Patrimonio Dominicano En catalogación 11.05.2015 LF1   xxxxx xxxxx 45767-10 25.06.2020 25.06.2020 Libro y Folleto Colección Patrimonio Dominicano  
    Excluido de préstamo Patrimonio Dominicano Patrimonio Dominicano Patrimonio Dominicano En catalogación 11.05.2015 LF1   xxxxx xxxxx 45767-20 25.06.2020 25.06.2020 Libro y Folleto Colección Patrimonio Dominicano e. 2

Powered by Koha